Science Quiz

Random Science or Astronomy Quiz

Planetary Profile: Saturn Quiz Stats

 Plays Quiz Updated Sep 14, 2017

Score 0/10 Timer 05:00
6 Plays Today
Hint Answer % Correct
Type of planet
A) Asteroid B) Gaseous C) Terrestrial D) Lunar
???
90.2%
Number from the Sun
A) 6th B) 5th C) 7th D) 8th
???
89.8%
Largest satellite
A) Titan B) Dione C) Rhea D) Tethys
???
88.1%
Greek Name
A) Zeus B) Poseidon C) Cronus D) Hermes
???
79.6%
Demonym
A) Saturnan B) Saturan C) Saturnian D) Saturian
???
77.9%
Most abundant gas in the atmosphere
A) Hydrogen B) Oxygen C) Nitrogen D) Helium
???
73%
Last probe to orbit Saturn
A) Voyager 2 B) Galileo C) Voyager 1 D) Cassini–Huygens
???
62.8%
Year of first flyby by a probe
A) 1974 B) 1977 C) 1979 D) 2000
???
56%
Number of naturally orbiting satellites
A) 71 B) 73 C) 49 D) 62
???
52.3%
Approximate mass ratio compared to Earth
A) 93 B) 95 C) 146 D) 187
???
46.4%

You're not logged in!

Compare scores with friends on all Sporcle quizzes.
OR
Log In

Show Comments

Extras

Top Quizzes Today


Score Distribution

Your Account Isn't Verified!

In order to create a playlist on Sporcle, you need to verify the email address you used during registration. Go to your Sporcle Settings to finish the process.

Report this User

Report this user for behavior that violates our Community Guidelines.

Details: